Państwa Azji - bez podpowiedzi - Statystyki

Ogólne statystyki
  • Ten quiz został rozwiązany 212 razy
  • Średni wynik to 41 z 48
Statystyki odpowiedzi
Państwa % Poprawnych
Japonia
93%
Indie
92%
Pakistan
91%
Korea Północna
90%
Korea Południowa
90%
Oman
90%
Mongolia
89%
Azerbejdżan
88%
Gruzja
88%
Iran
88%
Jemen
88%
Laos
88%
Tadżykistan
88%
Turcja
88%
Uzbekistan
88%
Armenia
87%
Indonezja
87%
Irak
87%
Izrael
87%
Kazachstan
87%
Kirgistan
87%
Nepal
87%
Wietnam
87%
Afganistan
86%
Arabia Saudyjska
86%
Tajwan
86%
Turkmenistan
86%
Zjednoczone Emiraty Arabskie
85%
Bhutan
84%
Jordania
84%
Katar
84%
Sri Lanka
84%
Tajlandia
84%
Bahrajn
83%
Kambodża
83%
Kuwejt
83%
Syria
83%
Timor Wschodni
83%
Malezja
82%
Singapur
82%
Bangladesz
81%
Cypr
81%
Filipiny
81%
Malediwy
81%
Mjanma
81%
Liban
80%
Brunei
79%
Chiny
77%
Nie znaleziono quizów pasujących do podanych kryteriów
Rozkład punktacji
Procent ludzi z każdym wynikiem
Percentyl według liczby udzielonych odpowiedzi
Twoja historia wyników
Nie rozwiązałeś tego quizu